| 000 | 00575nam a2200205Ia 4500 | ||
|---|---|---|---|
| 003 | GCL | ||
| 008 | 140319s9999 xx 000 0 eng d | ||
| 020 | _a092969081 | ||
| 040 |
_aGCL / _cGCL |
||
| 082 | 0 | 4 |
_a917.92 _bT U |
| 100 | 1 | _aTILL, TOM | |
| 245 | 1 | 0 |
_aUTAH : _bMAGNIFICENT WILDERNESS / _cTILL, TOM |
| 260 |
_a[S.N] : _bWESTERN PUBLISHING COMPANY ، _c1989 |
||
| 300 |
_a112 P _bCOL, ILL ؛ _c30 cm. |
||
| 650 | 0 | 4 | _aUNITED STATES |
| 650 | 0 | 4 | _aUTAH |
| 650 | 0 | 4 | _aUTAH, UNITED STATES - DESCRIPTION AND TRAVEL |
| 650 | 0 | 4 | _aWILDERNESS AREAS - UTAH |
| 942 |
_2ddc _cBK |
||
| 999 |
_c4842 _d4842 |
||